000 00656nam a2200181Ia 4500
003 GCL
008 140319s9999 xx 000 0 ara d
040 _aGCL /
_cGCL
082 0 4 _a813.009
_bع ف
100 1 _aعبدالرحمن ياغى
245 1 0 _aفى النقد التطبيقى مع روايات من العالم العربى /
_cعبدالرحمن ياغى
260 _aالاردن :
_bمنشورات امانة عمان الكبرى ،
_c2001
300 _a313 ص ؛
_c24 سم
650 0 4 _aالقصص العربية
650 0 4 _aالقصص - تاريخ ونقد
650 0 4 _aالقصص العربية - مجموعات
942 _2ddc
_cBK
999 _c8396
_d8396